Town improvement: law and procedure; (Record no. 83771)

MARC details
000 -LEADER
fixed length control field 01066cam a22002651 4500
001 - CONTROL NUMBER
control field sa 68011167
003 - CONTROL NUMBER IDENTIFIER
control field DLC
005 - DATE AND TIME OF LATEST TRANSACTION
control field 20260227112558.0
008 - FIXED-LENGTH DATA ELEMENTS--GENERAL INFORMATION
fixed length control field 710915s1968 pk k 000 0 eng
010 ## - LIBRARY OF CONGRESS CONTROL NUMBER
LC control number sa 68011167
025 ## - OVERSEAS ACQUISITION NUMBER
Overseas acquisition number PL480:P-E-1485
040 ## - CATALOGING SOURCE
Original cataloging agency DLC
Transcribing agency DLC
Modifying agency DLC
043 ## - GEOGRAPHIC AREA CODE
Geographic area code a-pk---
050 00 - LIBRARY OF CONGRESS CALL NUMBER
Classification number KPL2578.A311922
Item number L38 1968
082 00 - DEWEY DECIMAL CLASSIFICATION NUMBER
Classification number 340
100 1# - MAIN ENTRY--PERSONAL NAME
Personal name Latif Amritsari, M. A.
Fuller form of name (Muhammad Abdul),
Dates associated with a name 1912-
245 10 - TITLE STATEMENT
Title Town improvement: law and procedure;
Remainder of title being a comprehensive commentary, with up-to-date amendments and caselaw on The Town improvement act, ...
Statement of responsibility, etc. with complete rules, specimen forms ... important policy letters and allied subjects, by Ch. Muhammad Abdul Latif. With a foreword by Sardar Muhammad Iqbal Khan.
250 ## - EDITION STATEMENT
Edition statement [1st ed.
260 ## - PUBLICATION, DISTRIBUTION, ETC.
Place of publication, distribution, etc. Multan,
Date of publication, distribution, etc. 1968]
300 ## - PHYSICAL DESCRIPTION
Extent 433 p.
Other physical details forms.
Dimensions 25 cm.
350 ## - PRICE (NR) (BK AM CF MU VM SE) [OBSOLETE]
Price 25.00
650 #0 - SUBJECT ADDED ENTRY--TOPICAL TERM
Topical term or geographic name entry element City planning and redevelopment law
Geographic subdivision Pakistan.
650 #0 - SUBJECT ADDED ENTRY--TOPICAL TERM
Topical term or geographic name entry element Housing
General subdivision Law and legislation
Geographic subdivision Pakistan.
710 12 - ADDED ENTRY--CORPORATE NAME
Corporate name or jurisdiction name as entry element West Pakistan.
Form subheading Laws, statutes, etc.
Title of a work Town improvement act, 1922. 1968.

No items available.

Powered by Koha